000 01786nam a2200229Ia 4500
008 260220t2007||||xx |||||||||||||| ||spa||
040 _aPY-SlUNAC
_bspa
_erda
041 _aspa
082 _a350.007 2
_bP943g
245 0 _aGestión pública y comunitaria para el desarrollo humano, dos experiencias paraguayas
264 _aAsunción :
_bMercurio,
_c℗2007.
300 _a1 volumen
520 _aEl libro "Gestión pública y comunitaria para el desarrollo humano: dos experiencias paraguayas" presenta un análisis exhaustivo de iniciativas locales en Paraguay que buscan integrar la gestión pública y la participación comunitaria en el desarrollo humano. A través de dos estudios de caso, se exploran las estrategias implementadas por comunidades y gobiernos locales para abordar problemáticas sociales y económicas, resaltando la importancia de la colaboración entre actores estatales y ciudadanos. Se enfatiza cómo la inclusión de la voz comunitaria en la planificación y ejecución de políticas públicas puede generar un impacto positivo en la calidad de vida y en el empoderamiento de los ciudadanos. El texto también discute los retos y oportunidades que surgen al implementar este enfoque participativo, así como las lecciones aprendidas que pueden ser aplicadas en otros contextos. En definitiva, esta obra ofrece un valioso recurso para entender la intersección entre gestión pública, participación ciudadana y desarrollo humano en el marco de realidades latinoamericanas.
653 _aDesarrollo humano
653 _aGestión pública
653 _aParticipación comunitaria
942 _b2026/02/17
_cBK
999 _c7165
_d7165